Mnohonásobný zdroj příjmů
Salvato in:
| Autore principale: | |
|---|---|
| Altri autori: | |
| Natura: | Libro |
| Lingua: | ceco |
| Pubblicazione: |
Praha
PRAGMA
2000
|
| Soggetti: | |
| Tags: |
Nessun Tag, puoi essere il primo ad aggiungerne!!
|
MARC
| LEADER | 00000nam$a2200000$$$4500 | ||
|---|---|---|---|
| 001 | 0054494 | ||
| 005 | 20221129101108.8 | ||
| 020 | |a 80-7205-161-X | ||
| 041 | 0 | |a cze | |
| 044 | |a CZ | ||
| 245 | 1 | 0 | |a Mnohonásobný zdroj příjmů |c Robert G. Allen ; přeložila: Jana Novotná |
| 264 | 1 | |a Praha |b PRAGMA |c 2000 | |
| 300 | |a 341 s. | ||
| 610 | 2 | 0 | |a peniaze |
| 610 | 2 | 0 | |a príjmy |
| 610 | 2 | 0 | |a financie osobné |
| 610 | 2 | 0 | |a investície |
| 610 | 2 | 0 | |a burzy |
| 610 | 2 | 0 | |a papiere cenné |
| 610 | 2 | 0 | |a obchody burzové |
| 610 | 2 | 0 | |a výnosy |
| 610 | 2 | 0 | |a nehnuteľnosti |
| 610 | 2 | 0 | |a predaj |
| 610 | 2 | 0 | |a dane |
| 610 | 2 | 0 | |a zisk |
| 610 | 2 | 0 | |a marketing sieťový |
| 610 | 2 | 0 | |a inzercia |
| 610 | 2 | 0 | |a licencie |
| 610 | 2 | 0 | |a internet |
| 610 | 2 | 0 | |a úspory |
| 100 | 1 | |a Allen, Robert G. | |
| 700 | 1 | |a Novotná, Jana | |